[Event "Catalunya-chT Gp1"]
[Site "Barcelona"]
[Date "2020.02.15"]
[Round "5.6"]
[White "Perpinya Rofes, Lluis Maria"]
[Black "Comellas Blanchart, Jordi"]
[Result "1-0"]
[WhiteElo "2293"]
[BlackElo "2125"]
[PlyCount "71"]
[EventDate "2020.01.18"]
[EventType "team-tourn"]
[EventRounds "7"]
[EventCountry "ESP"]
[SourceTitle "CBM 195 Extra"]
[Source "ChessBase"]
[SourceDate "2020.05.31"]
[SourceVersion "1"]
[SourceVersionDate "2020.05.31"]
[SourceQuality "1"]
[WhiteTeam "Colon Sabadell"]
[BlackTeam "Tres Peons"]
[WhiteTeamCountry "ESP"]
[BlackTeamCountry "ESP"]

1. e4 c5 2. Nc3 d6 3. Nge2 e5 4. Nd5 Ne7 5. Nec3 Nbc6 6. Bc4 Nxd5 7. Nxd5 Be6 8. d3 Be7 9. 0-0 0-0 10. f4 exf4 11. Bxf4 Na5 12. Qd2 Re8 13. Bb5 Nc6 14. c3 a6 15. Ba4 b5 16. Bb3 Na5 17. Nxe7+ Qxe7 18. Bc2 Rab8 19. b4 cxb4 20. cxb4 Nc6 21. d4 Bc4 22. Rf3 a5 23. bxa5 b4 24. Rg3 Qf6 25. Rd1 Nxa5 26. e5 dxe5 27. Bxe5 Rxe5 28. dxe5 Qb6+ 29. Kh1 Bxa2 30. Rh3 h6 31. Qd3 g6 32. Rxh6 Nc4 33. Qh3 Nxe5 34. Qh4 Bc4 35. Rh8+ Kg7 36. Rxb8 1-0

[Event "Catalunya-chT Gp1"]
[Site "Barcelona"]
[Date "2020.01.18"]
[Round "1.6"]
[White "Guso Llorca, Jordi"]
[Black "Perpinya Rofes, Lluis Maria"]
[Result "1/2-1/2"]
[WhiteElo "2116"]
[BlackElo "2293"]
[PlyCount "75"]
[EventDate "2020.01.18"]
[EventType "team-tourn"]
[EventRounds "7"]
[EventCountry "ESP"]
[SourceTitle "CBM 194 Extra"]
[Source "ChessBase"]
[SourceDate "2020.03.31"]
[SourceVersion "1"]
[SourceVersionDate "2020.03.31"]
[SourceQuality "1"]
[WhiteTeam "Gerunda"]
[BlackTeam "Colon Sabadell"]
[WhiteTeamCountry "ESP"]
[BlackTeamCountry "ESP"]

1. Nf3 d5 2. d4 Nf6 3. g3 g6 4. Bg2 Bg7 5. 0-0 c6 6. b3 a5 7. Bb2 a4 8. c4 axb3 9. axb3 Rxa1 10. Bxa1 0-0 11. Nc3 Ne4 12. Nxe4 dxe4 13. Ne1 f5 14. Nc2 Na6 15. Qb1 Qb6 16. Rd1 Be6 17. e3 Nc7 18. Bc3 Qa7 19. Qb2 b5 20. Nb4 Qb7 21. Bf1 Bf7 22. Qc2 Rb8 23. Rb1 h5 24. Bd2 Ne8 25. cxb5 cxb5 26. Nc6 Ra8 27. Qc5 Nd6 28. Bb4 Bf6 29. d5 Rc8 30. Qa7 Bxd5 31. Qxb7 Nxb7 32. Nxe7+ Bxe7 33. Bxe7 Na5 34. Bxb5 Nxb3 35. Rd1 Rc1 36. Rxc1 Nxc1 37. Kf1 Kf7 38. Ba3 1/2-1/2

[Event "ESP-chT CECLUB Div2"]
[Site "Linares"]
[Date "2019.08.20"]
[Round "3.5"]
[White "Perpinya Rofes, Lluis Maria"]
[Black "Perez Garcia, Alejandro"]
[Result "1/2-1/2"]
[WhiteElo "2319"]
[BlackElo "2347"]
[PlyCount "64"]
[EventDate "2019.08.19"]
[EventType "team-swiss"]
[EventRounds "7"]
[EventCountry "ESP"]
[SourceTitle "EXT 2020"]
[Source "ChessBase"]
[SourceDate "2019.10.17"]
[SourceVersion "1"]
[SourceVersionDate "2019.10.17"]
[SourceQuality "1"]
[WhiteTeam "Colon Sabadell Chessy"]
[BlackTeam "Coin CC"]
[WhiteTeamCountry "ESP"]
[BlackTeamCountry "ESP"]

1. e4 c6 2. d4 d5 3. Nc3 dxe4 4. Nxe4 Bf5 5. Ng3 Bg6 6. h4 h6 7. Nf3 Nd7 8. h5 Bh7 9. Bd3 Bxd3 10. Qxd3 e6 11. Bd2 Ngf6 12. 0-0-0 Be7 13. Ne4 Nxe4 14. Qxe4 Nf6 15. Qe2 Qd5 16. c4 Qe4 17. Qxe4 Nxe4 18. Be3 0-0 19. Ne5 Rac8 20. g4 Rfd8 21. f3 Nf6 22. Kc2 b5 23. b3 Nd7 24. a4 bxa4 25. bxa4 c5 26. Nxd7 Rxd7 27. d5 Rb8 28. dxe6 Rdb7 29. exf7+ Kxf7 30. Rb1 Rb4 31. Rxb4 Rxb4 32. Kd3 Ke8 1/2-1/2